Pedestrian US Cities Quiz Stats

 Plays Quiz Updated Jan 24, 2018

Score 0/14 Timer 05:00
0 Plays Today
Rank City % Correct
1.New York, New York
99.3%
8.Boston, Massachusetts
88.7%
13.Chicago, Illinois
88.1%
7.Philadelphia, Pennsylvania
79%
4.Washington, D.C.
78.5%
14.San Francisco, California
77.1%
6.Baltimore, Maryland
63.6%
Rank City % Correct
11.Pittsburgh, Pennsylvania
58.2%
2.Newark, New Jersey
51.4%
9.Buffalo, New York
39.1%
5.Hartford, Connecticut
34.2%
3.Jersey City, New Jersey
33%
10.New Haven, Connecticut
20%
12.Paterson, New Jersey
9.1%

You're not logged in!

Compare scores with friends on all Sporcle quizzes.
OR
Log In

You Might Also Like...

Show Comments

Extras

Top Quizzes Today


Score Distribution

Your Account Isn't Verified!

In order to create a playlist on Sporcle, you need to verify the email address you used during registration. Go to your Sporcle Settings to finish the process.

Report this User

Report this user for behavior that violates our Community Guidelines.

Details: